000 00390cam a22001337a 4500
008 180718b1956 xxu||||| |||| 00| 0 eng d
082 _aZ12 K149
100 _aKarve, D.G.
245 _aBrief report on observations made in the course of foreign tour
_cby D.G. Karve
260 _a
_b
_c1956
300 _a124p.
650 _aAgriculture - Economic Aspects
650 _aAgricultural Extention
999 _c480290
_d480290